| 000 | 00630nam a22002057a 4500 | ||
|---|---|---|---|
| 003 | BUBTL | ||
| 008 | 190701b xxu||||| |||| 00| 0 eng d | ||
| 020 | _a978-0-321-54774-3 | ||
| 082 | _a321.395 / WEC | ||
| 100 |
_92357 _a Weste, Neil H. E |
||
| 245 |
_aCMOS VLSI design : _ba circuits and systems perspective / _cNeil H. E Weste, David Money Harris |
||
| 250 | _a4th ed | ||
| 260 |
_aBoston : _bAddison-Wesley, _cc2011 |
||
| 300 |
_axxv, 838 p. : _bill. ; _c24 cm. |
||
| 650 | 0 |
_9239 _aEEE |
|
| 700 |
_92358 _a Harris, David Money |
||
| 856 |
_k0 _l0 _yDownload |
||
| 942 |
_2ddc _cBK |
||
| 999 |
_c6083 _d6083 |
||